[Event "Joao Pessoa de Assis Memorial 1st"]
[Site "Joao Pessoa"]
[Date "2019.11.16"]
[Round "4"]
[White "Bomfim, Carlos B Campos Roc"]
[Black "Dantas, Francisco"]
[Result "1/2-1/2"]
[WhiteElo "1807"]
[BlackElo "1940"]
[PlyCount "91"]
[EventDate "2019.11.15"]
[EventType "swiss"]
[EventRounds "6"]
[EventCountry "BRA"]
[SourceTitle "CBM 193 Extra"]
[Source "ChessBase"]
[SourceDate "2020.01.31"]
[SourceVersion "1"]
[SourceVersionDate "2020.01.31"]
[SourceQuality "1"]

1. c4 c5 2. Nc3 Nc6 3. g3 g6 4. Bg2 Bg7 5. Nf3 Nf6 6. d3 0-0 7. 0-0 d6 8. Rb1 e6 9. e4 e5 10. Nd5 h6 11. h3 Rb8 12. Bd2 Kh7 13. a3 a5 14. Kh2 Bd7 15. b4 axb4 16. axb4 Nxd5 17. cxd5 Nxb4 18. Bxb4 cxb4 19. Rxb4 Qa5 20. Qb3 b5 21. d4 exd4 22. Nxd4 Rfc8 23. Rb1 Bxd4 24. Rxd4 Rc3 25. Qb2 Rbc8 26. Rb4 Qb6 27. Rf1 Kg8 28. Qd2 Qc5 29. Rb2 Kg7 30. Rfb1 g5 31. Bf1 b4 32. Kg2 Ba4 33. Rxb4 Bc2 34. R1b2 Rc7 35. Qd4+ Qxd4 36. Rxd4 Re7 37. f3 f5 38. Rc4 Rxc4 39. Bxc4 Bd1 40. Be2 Bxe2 41. Rxe2 Kf6 42. Kf2 h5 43. Ke3 fxe4 44. fxe4 Ra7 45. Rf2+ Kg6 46. Rd2 1/2-1/2

[Event "Concordia op 5th"]
[Site "Concordia"]
[Date "2019.05.04"]
[Round "8"]
[White "De Borba, Gabriel"]
[Black "Bomfim, Carlos B Campos Roc"]
[Result "1-0"]
[WhiteElo "2072"]
[BlackElo "1851"]
[PlyCount "63"]
[EventDate "2019.05.01"]
[EventType "swiss"]
[EventRounds "9"]
[EventCountry "BRA"]
[SourceTitle "CBM 190 Extra"]
[Source "ChessBase"]
[SourceDate "2019.07.15"]
[SourceVersion "1"]
[SourceVersionDate "2019.07.15"]
[SourceQuality "1"]

1. e4 e5 2. Nf3 Qe7 3. Bc4 g6 4. 0-0 Bg7 5. d4 d6 6. h3 Nf6 7. Nc3 c6 8. a4 0-0 9. Re1 h6 10. dxe5 dxe5 11. b3 Rd8 12. Qe2 Re8 13. Ba3 Qc7 14. Red1 Bf8 15. Bxf8 Kxf8 16. Rd2 Be6 17. Rad1 Nbd7 18. Rd6 Bxc4 19. Qxc4 Re7 20. Qb4 Kg7 21. Ne2 Rc8 22. Ng3 Qb6 23. Qd2 Qc7 24. Nh4 Rh8 25. b4 b6 26. f4 exf4 27. Nhf5+ gxf5 28. Nxf5+ Kf8 29. Nxe7 Kxe7 30. Qxf4 Qb8 31. Qf5 Qe8 32. c4 1-0